|
|
|
|
| LEADER |
00940nam a2200217 a 4500 |
| 001 |
GR-MES1712 |
| 008 |
991111s1992 gr 000 b eng d |
| 020 |
|
|
|a 0873714458
|
| 040 |
|
|
|a GrPaTEI
|b gre
|c GR-PaULI
|
| 245 |
0 |
0 |
|a Creating freshwater wetlands.
|
| 260 |
|
|
|a Boca Raton :
|b Lewis,
|c 1992
|
| 300 |
|
|
|a 298σελ. :
|b εικ.
|
| 650 |
|
4 |
|a ΥΔΡΟΒΙΟΤΟΠΟΙ
|
| 650 |
|
4 |
|a ΥΔΡΟΛΟΓΙΑ
|
| 700 |
1 |
|
|a Hammer, D.
|
| 710 |
0 |
|
|a Lewis
|
| 942 |
|
|
|2 ddc
|
| 952 |
|
|
|0 0
|1 0
|2 ddc
|4 0
|6 633_200000000000000_758_HAM
|7 0
|9 265995
|a MSLG
|b MSLG
|c BSC
|d 2021-01-17
|e 24
|f 0
|g 0.00
|l 0
|o 633.200 758 HAM
|p 2420000005603
|r 2021-01-17 00:00:00
|t 1
|w 2021-01-17
|y BK15
|x 19991111 0 1
|x GrPaTEI
|
| 952 |
|
|
|0 0
|1 0
|2 ddc
|4 0
|6 633_200000000000000_758_HAM
|7 0
|9 265996
|a MSLG
|b MSLG
|c BSC
|d 2021-01-17
|e 24
|f 0
|g 0.00
|l 0
|o 633.200 758 HAM
|p 2420000012464
|r 2021-01-17 00:00:00
|t 1
|w 2021-01-17
|y BK15
|x 19991111 0 1
|x GrPaTEI
|
| 971 |
|
|
|a .b25727552
|b 15-04-20
|c 13-09-16
|
| 999 |
|
|
|c 152923
|d 152923
|